Quiz Harry Potter pour les connaisseurs - Statistiques

Statistiques générales
  • Ce quiz a été pris 135 fois
  • Le résultat moyen est 11 sur 15
Statistiques - réponses
Question Réponse % Correct
Quel est le prénom de la mère de Nymphadora Tonks ? Andromeda
90%
En quel animal Rita Skeeter peut-elle se transformer ? en scarabée
90%
Quel est le nom de l'époux de Bellatrix Lestrange ? Rodolphus Lestrange
90%
De qui provient la moto volante de Rubeus Hagrid ? Sirius Black
90%
Lequel de ces Weasley a été témoin de la mort de Fred Weasley ? Percy Weasley
86%
Comment s'appelle le fils de Remus Lupin et de Nymphadora Tonks ? Ted Lupin
86%
Qui est Peeves ? un esprit frappeur
86%
Qui épouse Neville Londubat ? Hannah Abbot
81%
Quel est le prénom de la femme de Percy Weasley ? Audrey
71%
Qui a tué Nymphadora Tonks ? Bellatrix Lestrange
71%
Qui est Ludovic Verpey ? le chef du Département des jeux et sports magiques
67%
Lequel de ces personnages n'a jamais enseigné à Poudlard ? Alastor Maugrey
57%
Qui a tué Remus Lupin ? Antonin Dolohov
57%
Combien d'ingrédients faut-il pour fabriquer du Polynectar ? 7
52%
Quel âge avait Remus Lupin quand il est devenu un loup-garou ? 4 ans
38%
Aucun quiz correspondant
Distribution des résultats
% des personnes avec chaque résultat
Percentile par nombre de réponses
Votre historique - résultats
Vous n’avez pas pris ce quiz